• 首页
  • 本馆介绍
  • 公告通知
  • 最新文献
  • 馆藏检索
  • 电子资源
  • 读者导购
  • 参考咨询
  • 我的图书馆
  • 登录
  • 详细信息显示
  • 放入我的书架
  • 预约/预借图书
  • 作者相关作品
  • 分类相关作品
  • 丛书相关作品
  • 出版社相关作品

书目信息

  • 表格格式
  • 工作单格式
  • 卡片格式
题名:
荷兰史
    
 
作者: 莫里斯·布罗尔 著 ;郑克鲁 , 金志平 译
分册:  
出版信息: 北京   商务印书馆  1974.3
页数: 194页
开本: 19cm
丛书名:
单 册:
中图分类: K563.0
科图分类:
主题词: 西欧--历史
电子资源:
ISBN:
000 00669nam0 2200241 45
001 0211251659
005 20031219104100.9
010    @dCNY0.62
091    @a11017.320
100    @a20021125d1974 km y0chiy0120 ea
101 0  @achi
105    @a z 000yy
200 1  @a荷兰史@AHe Lan Shi@f(法)莫里斯·布罗尔著@F(Fa)Mo Li Si·Bu Luo Er Zhu@g郑克鲁,金志平译
210    @a北京@c商务印书馆@d1974.3
215    @a194页@d19cm
300    @a内部参考
606 0  @a西欧@x历史
690    @aK563.0@v3
701  0 @a莫里斯·布罗尔@4著
702  0 @a郑克鲁@AZheng Ke Lu@4译
702  0 @a金志平@AJin Zhi Ping@4译
801    @aCN@bTSTC@c20021125
905    @f1@b228429@dK563.0@e1
    
    荷兰史/(法)莫里斯·布罗尔著/郑克鲁,金志平译.-北京:商务印书馆,1974.3
    194页;19cm
    内部参考
    
    ISBN :CNY0.62
    
●
相关链接 在E读中查询图书 在五车中查询图书 在当当中查询图书 在豆瓣中查询图书


正题名:荷兰史     索取号:K563.0/1         预约/预借

序号 登录号 条形码 馆藏地/架位号 状态 备注
1 0228429   001629205   第二样本阅览室/ [索取号:K563.0/1] 在馆    
唐山师范学院图书馆 欢迎您!
大连网信软件有限公司© 版权所有